[Event "Foment Martinenc op-B 24th"]
[Site "Barcelona"]
[Date "2024.06.15"]
[Round "9"]
[White "Garcia Huerta, Joaquin Marc"]
[Black "Sanchez Valencia, Alberto"]
[Result "0-1"]
[WhiteElo "1619"]
[BlackElo "1793"]
[PlyCount "58"]
[EventDate "2024.04.20"]
[EventType "swiss"]
[EventRounds "9"]
[EventCountry "ESP"]
[SourceTitle "CB26_2024"]
[SourceDate "2024.06.26"]
[SourceVersion "1"]
[SourceVersionDate "2024.06.26"]
[SourceQuality "1"]

1. e4 e5 2. Nf3 Nc6 3. Bc4 Nf6 4. d3 Bc5 5. c3 a6 6. a4 Ba7 7. 0-0 d6 8. Nbd2 h6 9. h3 g5 10. Nb3 g4 11. hxg4 Bxg4 12. Be3 Rg8 13. Bxa7 Rxa7 14. Re1 Nh5 15. d4 Qf6 16. Re3 Nf4 17. d5 Nxg2 18. Be2 Nxe3 19. fxe3 Bxf3+ 20. Kf1 Bxe4+ 21. Ke1 Rg1+ 22. Kd2 Rxd1+ 23. Rxd1 Bxd5 24. Nc1 Na5 25. Rf1 Qg6 26. Bd3 Qg2+ 27. Ke1 Qxb2 28. Ne2 e4 29. Bxe4 Bxe4 0-1

[Event "Foment Martinenc op-B 24th"]
[Site "Barcelona"]
[Date "2024.05.25"]
[Round "6"]
[White "Cantero, Walter Milciades"]
[Black "Sanchez Valencia, Alberto"]
[Result "1-0"]
[WhiteElo "1748"]
[BlackElo "1793"]
[PlyCount "85"]
[EventDate "2024.04.20"]
[EventType "swiss"]
[EventRounds "9"]
[EventCountry "ESP"]
[SourceTitle "CB26_2024"]
[SourceDate "2024.06.26"]
[SourceVersion "1"]
[SourceVersionDate "2024.06.26"]
[SourceQuality "1"]

1. e4 e5 2. Nf3 Nc6 3. g3 Bc5 4. Bg2 d6 5. c3 Nf6 6. Qe2 a6 7. d3 Ba7 8. Nbd2 Bd7 9. a4 Qe7 10. 0-0 Bh3 11. b4 b5 12. Nb3 bxa4 13. Rxa4 Bxg2 14. Kxg2 Qd7 15. Rxa6 h5 16. Be3 Qc8 17. Rfa1 Qe6 18. Rxc6 Kd7 19. Rxa7 Kxc6 20. Na5+ Kd7 21. Ng5 Qe7 22. h4 Ng4 23. Rxa8 Nxe3+ 24. fxe3 Rxa8 25. Qxh5 f6 26. Qg4+ Ke8 27. Ne6 Kf7 28. Nxc7 Qxc7 29. c4 Rd8 30. h5 Qb6 31. Qg6+ Kg8 32. h6 Qc7 33. Nc6 Rf8 34. b5 Rf7 35. Nb4 Kh8 36. Nd5 Qa7 37. Kh3 gxh6 38. b6 Qd7+ 39. Kg2 h5 40. Nxf6 Rxf6 41. Qxf6+ Kg8 42. Qg5+ Kf8 43. Qf5+ 1-0

[Event "Foment Martinenc op-B 24th"]
[Site "Barcelona"]
[Date "2024.04.27"]
[Round "2"]
[White "Sanchez Valencia, Alberto"]
[Black "Guzman Lopez, Leonardo"]
[Result "0-1"]
[WhiteElo "1793"]
[BlackElo "1599"]
[PlyCount "92"]
[EventDate "2024.04.20"]
[EventType "swiss"]
[EventRounds "9"]
[EventCountry "ESP"]
[SourceTitle "CB26_2024"]
[SourceDate "2024.06.26"]
[SourceVersion "1"]
[SourceVersionDate "2024.06.26"]
[SourceQuality "1"]

1. e4 d5 2. exd5 Qxd5 3. Nc3 Qa5 4. b4 Qxb4 5. Rb1 Qd6 6. Nf3 Nf6 7. d4 g6 8. Be2 Bg7 9. Nb5 Qd8 10. Bf4 Na6 11. Qd2 c6 12. Nc3 Nc7 13. Bh6 0-0 14. Ne5 Ne6 15. Rd1 Bxh6 16. Qxh6 Nxd4 17. Kf1 Qa5 18. Rxd4 Qxc3 19. Nf3 Qxc2 20. h4 Bg4 21. Rxg4 Nxg4 22. Qg5 Nf6 23. h5 Qb1+ 24. Ne1 Qf5 25. Qe3 Nd5 26. Qb3 Nf4 27. g4 Qd5 28. Qxd5 Nxd5 29. Nd3 Nc3 30. Bf3 Nxa2 31. Kg2 a5 32. Nc5 Ra7 33. hxg6 hxg6 34. Bd1 Nc3 35. Bc2 a4 36. g5 b6 37. Nd3 a3 38. Ne5 Ne2 39. Bb3 Kg7 40. Rh6 Nd4 41. Bxf7 Rxf7 42. Rxg6+ Kf8 43. Rh6 Rg7 44. f4 a2 45. Rh8+ Rg8 46. Ng6+ Kg7 0-1

[Event "Foment Martinenc op-A 22nd"]
[Site "Barcelona"]
[Date "2022.05.21"]
[Round "5"]
[White "Diaz Carrasco, Sergio"]
[Black "Sanchez Valencia, Alberto"]
[Result "1-0"]
[WhiteElo "2012"]
[BlackElo "1604"]
[PlyCount "41"]
[EventDate "2022.04.23"]
[EventType "swiss"]
[EventRounds "9"]
[EventCountry "ESP"]
[SourceTitle "EXT 2023"]
[Source "ChessBase"]
[SourceDate "2022.10.05"]
[SourceVersion "1"]
[SourceVersionDate "2022.10.05"]
[SourceQuality "1"]

1. Nf3 d5 2. c4 d4 3. b4 g5 4. Bb2 Bg7 5. Qa4+ c6 6. Qa5 Qd6 7. Qxg5 Bf6 8. c5 Qd8 9. Qf4 a5 10. a3 axb4 11. axb4 Rxa1 12. Bxa1 Na6 13. Bxd4 Qd5 14. e4 Qb3 15. Bxa6 Qxb1+ 16. Ke2 Qxb4 17. Qc7 Kf8 18. Qxc8+ Kg7 19. e5 Nh6 20. exf6+ exf6 21. Bxf6+ 1-0

[Event "Foment Martinenc op-B 21st"]
[Site "Barcelona"]
[Date "2019.05.18"]
[Round "4"]
[White "Sanchez Valencia, Alberto"]
[Black "De Santiago Gordo, Abel"]
[Result "0-1"]
[WhiteElo "1654"]
[BlackElo "1582"]
[PlyCount "94"]
[EventDate "2019.04.27"]
[EventType "swiss"]
[EventRounds "9"]
[EventCountry "ESP"]
[SourceTitle "EXT 2020"]
[Source "ChessBase"]
[SourceDate "2019.10.17"]
[SourceVersion "1"]
[SourceVersionDate "2019.10.17"]
[SourceQuality "1"]

1. e4 c5 2. Nf3 d6 3. d4 cxd4 4. Nxd4 Nf6 5. Nc3 g6 6. f4 Nc6 7. Nxc6 bxc6 8. e5 Nd7 9. exd6 exd6 10. Be3 Be7 11. Qf3 d5 12. 0-0-0 0-0 13. h4 Nf6 14. Be2 Ng4 15. Bd2 Bxh4 16. g3 Bf6 17. Bd3 Qb6 18. Na4 Qd4 19. Nc3 Re8 20. f5 Nf2 21. Rde1 Nxd3+ 22. cxd3 Bxf5 23. Ref1 Bg7 24. g4 Qxg4 25. Qf2 Qd4 26. Qh2 h5 27. Rxf5 gxf5 28. Qxh5 Qg4 29. Qh2 Re6 30. Rg1 Qd4 31. Rg3 Rg6 32. Rxg6 fxg6 33. Qd6 Qf6 34. Qg3 Re8 35. Na4 Qe6 36. Nc5 Qe5 37. Qxe5 Rxe5 38. Kc2 Re2 39. Kd1 Rg2 40. b4 Kf7 41. a4 Bd4 42. Nb3 Rg4 43. Na5 f4 44. Nxc6 f3 45. Nxd4 Rxd4 46. Ke1 Rxd3 47. Kf2 Rxd2+ 0-1

[Event "Barcelona Primavera La Lira op 11th"]
[Site "Barcelona"]
[Date "2018.05.31"]
[Round "8"]
[White "Sanchez Valencia, Alberto"]
[Black "Orts Gonzalez, Rafael"]
[Result "1-0"]
[WhiteElo "1497"]
[BlackElo "1119"]
[PlyCount "41"]
[EventDate "2018.04.12"]
[EventType "swiss"]
[EventRounds "9"]
[EventCountry "ESP"]
[SourceTitle "CBM 184 Extra"]
[Source "ChessBase"]
[SourceDate "2018.06.28"]
[SourceVersion "1"]
[SourceVersionDate "2018.06.28"]
[SourceQuality "1"]

1. e4 e5 2. Nf3 Nc6 3. Bc4 Be7 4. 0-0 a6 5. d4 Bf6 6. Re1 b5 7. Bb3 d6 8. h3 Nce7 9. dxe5 Bxe5 10. Nxe5 dxe5 11. Bxf7+ Kxf7 12. Qxd8 Bb7 13. Qxc7 Ra7 14. Be3 Nf6 15. Bxa7 Bxe4 16. Qxe5 Re8 17. Rxe4 Ng6 18. Qc7+ Re7 19. Rxe7+ Nxe7 20. Bc5 Nfd5 21. Qg3 1-0

[Event "Barcelona Primavera La Lira op 11th"]
[Site "Barcelona"]
[Date "2018.04.26"]
[Round "3"]
[White "Sanchez Valencia, Alberto"]
[Black "Cabrera Marmol, Manel"]
[Result "1-0"]
[WhiteElo "1497"]
[BlackElo "1797"]
[PlyCount "85"]
[EventDate "2018.04.12"]
[EventType "swiss"]
[EventRounds "9"]
[EventCountry "ESP"]
[SourceTitle "CBM 184 Extra"]
[Source "ChessBase"]
[SourceDate "2018.06.28"]
[SourceVersion "1"]
[SourceVersionDate "2018.06.28"]
[SourceQuality "1"]

1. e4 e5 2. Nc3 Nc6 3. f4 exf4 4. Nf3 Be7 5. Bb5 a6 6. Ba4 b5 7. Bb3 Na5 8. d4 Nxb3 9. axb3 g5 10. Nxb5 Bb7 11. Nc3 Bb4 12. Qd3 a5 13. d5 h6 14. Nd4 Nf6 15. Nf5 Ng4 16. h3 Ne5 17. Qd1 Qf6 18. Bd2 Kd8 19. Nb5 Bxd2+ 20. Qxd2 Qb6 21. c4 d6 22. Rc1 Nd7 23. Qc3 Re8 24. Qd3 Nc5 25. Qf3 Nxe4 26. Kd1 Nf2+ 27. Kc2 Nxh1 28. Rxh1 a4 29. b4 Re5 30. Nxh6 Ke7 31. Ng4 Bxd5 32. cxd5 Qxb5 33. Nxe5 dxe5 34. d6+ cxd6 35. Qxa8 Qe2+ 36. Kb1 e4 37. Qd5 Qxg2 38. Rd1 Kf8 39. Qxd6+ Kg7 40. Qe5+ Kg6 41. Rd6+ Kh7 42. Qf5+ Kg7 43. Qf6+ 1-0

[Event "Barcelona Ideal Clave op 21st"]
[Site "Barcelona"]
[Date "2017.11.04"]
[Round "5"]
[White "Lopez Abaurrea, Eduardo"]
[Black "Sanchez Valencia, Alberto"]
[Result "0-1"]
[WhiteElo "1394"]
[BlackElo "1700"]
[PlyCount "30"]
[EventDate "2017.09.30"]
[EventType "swiss"]
[EventRounds "8"]
[EventCountry "ESP"]
[SourceTitle "CBM 181 Extra"]
[Source "ChessBase"]
[SourceDate "2017.12.12"]
[SourceVersion "1"]
[SourceVersionDate "2017.12.12"]
[SourceQuality "1"]

1. d4 Nf6 2. c4 e5 3. d5 Bc5 4. h3 Ne4 5. e3 d6 6. Nf3 0-0 7. Bd3 f5 8. a3 Nxf2 9. Kxf2 e4 10. Nc3 exf3 11. Qxf3 f4 12. Qd1 fxe3+ 13. Ke2 Rf2+ 14. Ke1 Qh4 15. Qa4 Rd2+ 0-1

[Event "Barcelona Ideal Clave op 21st"]
[Site "Barcelona"]
[Date "2017.10.28"]
[Round "4"]
[White "Sanchez Valencia, Alberto"]
[Black "Fernandez Garcia, Jesus"]
[Result "0-1"]
[WhiteElo "1700"]
[BlackElo "1629"]
[PlyCount "119"]
[EventDate "2017.09.30"]
[EventType "swiss"]
[EventRounds "8"]
[EventCountry "ESP"]
[SourceTitle "CBM 181 Extra"]
[Source "ChessBase"]
[SourceDate "2017.12.12"]
[SourceVersion "1"]
[SourceVersionDate "2017.12.12"]
[SourceQuality "1"]

1. e4 e5 2. Nf3 Nc6 3. Bc4 h6 4. 0-0 Bc5 5. b4 Bb6 6. c3 Nf6 7. d4 exd4 8. e5 Nh7 9. cxd4 0-0 10. b5 Ne7 11. Qb3 d5 12. exd6 cxd6 13. Nc3 Bg4 14. Ne2 d5 15. Bd3 Nf6 16. Ne5 Bxe2 17. Bxe2 Bxd4 18. Bb2 Bxb2 19. Qxb2 Qb6 20. a4 Rfd8 21. Qa3 Qe6 22. f4 Rd6 23. Rac1 Rdd8 24. Rc7 Qb6+ 25. Rc5 Ne4 26. Nd3 Nxc5 27. Nxc5 Rac8 28. Rc1 Ng6 29. g3 Rc7 30. a5 Qd6 31. Qe3 Re7 32. Qf2 Rde8 33. Bf3 b6 34. axb6 axb6 35. Nd3 Qa3 36. Rd1 Re3 37. f5 Nf8 38. Ne1 Rxe1+ 39. Rxe1 Rxe1+ 40. Qxe1 Qxf3 41. Qb1 d4 42. Qc2 d3 43. Qd2 Qe2 44. Qxe2 dxe2 45. Kf2 Nd7 46. Kxe2 Kf8 47. Ke3 Ke7 48. Kd4 Kd6 49. h4 f6 50. h5 Ne5 51. Kc3 Ng4 52. Kd4 Nf2 53. Kc4 Ne4 54. g4 Nf2 55. Kd4 Nxg4 56. Ke4 Ne5 57. Kd4 Nf3+ 58. Ke4 Nh4 59. Kf4 Kc5 60. Kg3 0-1